| 000 | 00833nam a2200265Ia 4500 | ||
|---|---|---|---|
| 003 | GCL | ||
| 008 | 140319s9999 xx 000 0 ara d | ||
| 040 |
_aGCL / _cGCL |
||
| 082 | 0 | 4 |
_a157 _bس ف |
| 100 | 1 | _aسعد جلال | |
| 245 | 1 | 0 |
_aفى الصحة العقلية: الامراض النفسية والعقلية والانحرافات السلوكية / _cسعد جلال |
| 300 | _a517 ص | ||
| 490 | _a | ||
| 650 | 0 | 4 | _aالاحداث |
| 650 | 0 | 4 | _aالعلاج النفسى |
| 650 | 0 | 4 | _aالصحة العقلية |
| 650 | 0 | 4 | _aالشذوذ الجنسى |
| 650 | 0 | 4 | _aالانحراف الجنسى |
| 650 | 0 | 4 | _aالامراض النفسية |
| 650 | 0 | 4 | _aالانتحار |
| 650 | 0 | 4 | _aالامراض العقلية |
| 650 | 0 | 4 | _aالادمان |
| 650 | 0 | 4 | _aالاعصاب - امراض |
| 942 |
_2ddc _cBK |
||
| 999 |
_c38872 _d38872 |
||